00530nam a22001937a 450000500170000001000130001702000100003003500130004003700160005304000120006908200150008110000180009624500520011426000440016627000560021030000210026665000220028765000270030920170124105930.0 aA-778992 c00.00 aA-778992 bCen Lib/Ret aDPLbEN a332.1bDES aDesai, Vasant aBanking and financial system /cby Vasant Desai aBombaybHimalaya publishing housec1995 aRamdoot, Dr. Bhalerao marg, GirgaonbBombaye400004 a482p. c20cm(Hb) aBanks and banking aFinancial institutions